| 000 | 00367nam a2200133 a 4500 | ||
|---|---|---|---|
| 001 | 000031280 | ||
| 005 | 20200930062824.0 | ||
| 008 | 110617s2005 dr a 000 0 spa d | ||
| 040 |
_aDO-SdBNP _bspa _cBNPHU |
||
| 245 | 0 | 0 | _aWindows Xp. |
| 260 |
_aSan Cristobal : _bCentro Laboral Hijas de MarĂa Hato Damas, _c2005. |
||
| 300 |
_a65 p. : _bil. ; _c28 cm. |
||
| 049 | _aBNPD | ||
| 999 |
_c30772 _d30772 |
||